Polycondensation History and New Results /

This book reports on origin and history of polycondensation chemistry beginning in the first half of the 19th century. Furthermore, history and inventors of the most important polycondensates, such as Nylons, PET or polycarbonates, are described. The classical theory of step-growth polymerizations i...

Πλήρης περιγραφή

Λεπτομέρειες βιβλιογραφικής εγγραφής
Κύριος συγγραφέας: Kricheldorf, Hans (Συγγραφέας)
Συγγραφή απο Οργανισμό/Αρχή: SpringerLink (Online service)
Μορφή: Ηλεκτρονική πηγή Ηλ. βιβλίο
Γλώσσα:English
Έκδοση: Berlin, Heidelberg : Springer Berlin Heidelberg : Imprint: Springer, 2014.
Θέματα:
Διαθέσιμο Online:Full Text via HEAL-Link
LEADER 02779nam a22004335i 4500
001 978-3-642-39429-4
003 DE-He213
005 20151103141050.0
007 cr nn 008mamaa
008 131114s2014 gw | s |||| 0|eng d
020 |a 9783642394294  |9 978-3-642-39429-4 
024 7 |a 10.1007/978-3-642-39429-4  |2 doi 
040 |d GrThAP 
050 4 |a QD380-388 
072 7 |a PNNP  |2 bicssc 
072 7 |a TEC055000  |2 bisacsh 
082 0 4 |a 541.2254  |2 23 
100 1 |a Kricheldorf, Hans.  |e author. 
245 1 0 |a Polycondensation  |h [electronic resource] :  |b History and New Results /  |c by Hans Kricheldorf. 
264 1 |a Berlin, Heidelberg :  |b Springer Berlin Heidelberg :  |b Imprint: Springer,  |c 2014. 
300 |a XI, 291 p. 103 illus.  |b online resource. 
336 |a text  |b txt  |2 rdacontent 
337 |a computer  |b c  |2 rdamedia 
338 |a online resource  |b cr  |2 rdacarrier 
347 |a text file  |b PDF  |2 rda 
505 0 |a Experiments before World War I -- W.H. Carothers - Life and Work -- P.J. Flory and the Theory of Step-Growth Polymerization -- W. Stockmayer and the Role of Equilibration -- Important Polycondensates -- The Role of Cyclization and a new Theory of Step-Growth Polymerization -- Non-Stoichiometric Polycondensations -- Ring-Opening Polycondensation -- Multibranched Polymers by a2 + bn Polycondensations -- Hyperbranched Polymers by abn Polycondensations -- Multicyclic Polymers -- Polycondensations via Electrostatic Interactions -- Solid State Polycondensations -- Combined Ring-Opening Polymerization and Polycondensation -- Condensative Chain Polymerization. 
520 |a This book reports on origin and history of polycondensation chemistry beginning in the first half of the 19th century. Furthermore, history and inventors of the most important polycondensates, such as Nylons, PET or polycarbonates, are described. The classical theory of step-growth polymerizations is discussed in the light of the latest experimental and theoretical results. Particular emphasis is laid on the role of cyclization reactions. Special categories of polycondensation processes are discussed in more detail: syntheses of hyperbranched and multicyclic polymers, non-stoichiometric polycondensations, interfacial polycondensations, solid state polycondensations, condensative chain polymerizations etc. 
650 0 |a Chemistry. 
650 0 |a Organic chemistry. 
650 0 |a Polymers. 
650 1 4 |a Chemistry. 
650 2 4 |a Polymer Sciences. 
650 2 4 |a Organic Chemistry. 
710 2 |a SpringerLink (Online service) 
773 0 |t Springer eBooks 
776 0 8 |i Printed edition:  |z 9783642394287 
856 4 0 |u http://dx.doi.org/10.1007/978-3-642-39429-4  |z Full Text via HEAL-Link 
912 |a ZDB-2-CMS 
950 |a Chemistry and Materials Science (Springer-11644)